Регионална библиотека "Любен Каравелов" - Русе

Дневникът на един журналист без дневник | Историята на мишлето "Б" (Запис номер 133815)

MARC детайли
000 -Лидер
Контролно поле с фиксирана дължина 01652nam a2200385 c 4500
003 - Код на организацията, давaща контролен номер
Контролно поле BLK
005 - Дата и час на последна редакция
Контролно поле 20240403005405.0
008 - Елементи от данни с фиксирана дължина
fixed length control field 180409b bul|||||r ||||||| ||bul||
010 ## - Наследен системен номер
LC control number KNG00139716000
020 ## - Международен стандартен номер на книга ISBN
Международен стандартен номер на книга ISBN 978-954-337-133-4
-- издат.: Авангард принт
040 ## - Източник на каталожния запис
Идентификатор на билиотеката - собственик на записа BLK
041 ## - Код за език
Код за езика на текст/звукозапис или на отделно заглавие Български
Код за езика КДБФ Български
072 #7 - Код за тематичната категория
Код организация bullib
Код за тематична категория Н83
Текст Чужда художествена литература Н
072 #7 - Код за тематичната категория
Код организация bullib
Код за тематична категория Я
Текст Автографи
080 ## - УДК
Текстов определител УДК Румънска литература
УДК код - определител по УДК 821.135.1
УДК определител -94
УДК - код + определител 821.135.1-94
080 ## - УДК
Текстов определител УДК Румънска литература
УДК код - определител по УДК 821.135.1
УДК определител -32
УДК - код + определител 821.135.1-32
100 1# - Редна дума - Автор
Автор Сърбу, Йон Дезидериу
Авторска отговорност първи автор
R(LIN) 127079
139 ## - Редно поле
Редна дума Сърбу, Йон Дезидериу
Авторски знак Сън - С 97
245 10 - Сведения за заглавието
Заглавие Дневникът на един журналист без дневник
Редно поле (дума) Йон Дезидериу Сърбу; подб. и прев. Огнян Тодоров Стамболиев.
245 10 - Сведения за заглавието
Заглавие Историята на мишлето "Б"
Подзаглавни данни
Редно поле (дума)
257 ## - Страна на издаване
Страна на създаване/издаване Румъния
260 ## - Област на издателските данни
-- Русе
Име на издателя, разпространителя и проч. Авангард принт
Година на издаване 2012
300 ## - Физическа характеристика
Страници 484 с.
Размери/Мащаб 21 см
380 ## - Жанр
Жанр Худож. лит.
500 ## - Общи забележки
Забележка Ориг. загл. Jurnalul unui jurnalist fara jurnal ; Soarecele B / Ion Dezideriu Sirbu.
659 ## - Тематичен бюлетин
Тематичен бюлетин Н
659 ## - Тематичен бюлетин
Тематичен бюлетин Я
700 ## - Други автори (авторска отговорност)
Лично име Стамболиев, Огнян Тодоров
Дати, свързани с автора 1947-
Друга информация Филолог, журналист, преводач
9 (RLIN) 365958
852 ## - Местоположение
Форматна сигнатура Цб 258379
856 4# - Електронен адрес и достъп
Електронен формат pdf - файл
Път до файла /url/
856 4# - Електронен адрес и достъп
Електронен формат pdf - файл
Път до файла /url/
942 ## - АРТИКУЛИ
Вид на библиотечния материал Книги
Скрит в OPAC Не
944 ## - СЪЗДАВАНЕ И РЕДАКЦИЯ на ЗАПИСА
Създаване/Редакция Създаване
Дата на регистрацията/редакция 19.02.2013
Статус, дата на статуса CRON CRON
Служител, извършил регистрацията/редакцията
944 ## - СЪЗДАВАНЕ И РЕДАКЦИЯ на ЗАПИСА
Създаване/Редакция Редакция
Дата на регистрацията/редакция 23.04.2015
Статус, дата на статуса ф /
Служител, извършил регистрацията/редакцията Людмила_Стоянова
999 ## - СИСТЕМНИ КОНТРОЛНИ НОМЕРА
Koha biblionumber 133815
Koha biblioitemnumber 133815
Наличности
Код за отписване Код за изгубен артикул Източник на класификационната схема Код за повреда Коз за рестрикции Код за отдаване Артикулен № Име на библиотеката - собственик Име на библиотеката, в която се намира в момента Статус (Текущо местоположение) Дата на вписване в системата Местоположение - отдел Цена в лева Инвентарен номер Систематично азбучна сигнатура Баркод Номер на екземпляра Цена в евро Служебна бележка Служебен тип на артикула Номерация (Хронология)
  Не е изгубен Universal Decimal Classification Не е повреден без рестрикции заемане за дома 218375 Регионална библиотека "Любен Каравелов" Русе Регионална библиотека "Любен Каравелов" Русе Дубликат 2013-02-18 Заемна - подръчен фонд 12.00 120000764126 П 859.0-9/С 97 120000764126 1 6.14 Дост: DA Вид: А N: 2 Дата: 18.02.2013 Дата инв: 16.02.2018 Бележки инв: П2018 Книги  
  Не е изгубен   Не е повреден без рестрикции ползва се в читалня 218376 Регионална библиотека "Любен Каравелов" Русе Регионална библиотека "Любен Каравелов" Русе Хранилище 2013-09-02 Хранилище 12.00 120000769020 Цб 258379 120000769020 2 6.14 Дост: Dp Вид: Д N: 20 Дата: 14.05.2012 Книги  
  Не е изгубен   Не е повреден без рестрикции заемане за дома 218377 Регионална библиотека "Любен Каравелов" Русе Регионална библиотека "Любен Каравелов" Русе Заемна - подръчен фонд 2014-09-24 Заемна - подръчен фонд 12.00 120000780998 П 859.0-9/С 97 120000780998 3 6.14 Дост: DA Вид: А N: 20 Дата: 24.09.2014 Дата инв: 12.02.2018 Бележки инв: П2018 Книги Автограф: Огнян Стамболиев
Vip Innovations Ltd, Rousse, Bulgaria 2025